00559 2200205 4500245008100000020002200081250001100103100001900114700002300133650002400156650001000180005001900190260005700209041001400266084000800280300002500288336000900313337001000322338002100332 aDasar - Dasar Kuliner Semester 1 untuk SMK/MAK Kelas XcNurul HasbianahText a978-623-388-000-8 aCet. 1 aNurul Hasbiana aImtam Rus Ernawati aDasar-dasar Kuliner aEbook a20230616072419 aJakartabKementerian Pendidikan dan Kebudayaanc2022 aIndonesia a641 axvi, 176 hlm. :cPDF atext aother aother (computer)